00858nam a22002055i 4500001000700000003000900007005001700016008004100033020001800074080003300092080003800125100004100163245013700204260010100341300003000442610006500472650005700537700003500594852002300629168663ES-MaACL20230906213840.0080430s2005 sp |||| | spa d a84-609-3575-2 a351.744(460:234 Toledo)(091) a338.43(460:234 Toledo):638.1(091)1 aGómez Vozmediano, Miguel Fernando.13aLa apicultura en los Montes de Toledo b: cultura y tradición /cMiguel Fernando Gómez Vozmediano, Ramón Sánchez González. a[Toledo] : bAsociación para el Desarrollo Integrado del Territorio Montes de Toledo, c[2005] a558 p. : bil. ; c24 cm.14aHermandad Vieja de Toledo, Talavera y Villarreal-xHistoria.14aApicultura-zMontes de Toledo (España)-vHistoria.1 aSánchez González, Ramón. aES-MaACLjL-29406